| 000 | 00550nam a22002057a 4500 | ||
|---|---|---|---|
| 003 | OSt | ||
| 005 | 20140310182821.0 | ||
| 008 | 130304t xxu||||| |||| 00| 0 eng d | ||
| 020 | _a0695221752 | ||
| 050 |
_aHF 5383 _b.M478 1977 |
||
| 082 |
_aM 650.1407 _bM25 1977 |
||
| 245 |
_aFinding work _cMcVey & Associates, Inc. ; |
||
| 260 |
_aNew York : _bCambridge, The Adult Education Company, _cc1977. |
||
| 300 |
_a64 p. _c28 cm. |
||
| 521 | _aCollege Students | ||
| 526 | _c1210L-1700L | ||
| 541 | _j1 | ||
| 562 | _e1 | ||
| 942 |
_2lcc _cBK _kM |
||
| 999 |
_c16397 _d16397 |
||